| 000 | 00462nam a2200169 4500 | ||
|---|---|---|---|
| 003 | SEACOMMC | ||
| 005 | 20250509131903.0 | ||
| 008 | 250327b |||||||| |||| 00| 0 eng d | ||
| 020 |
_a978-81-272-5091-1 _cRs.95.00 |
||
| 040 | _aSEACOMMC | ||
| 082 |
_a519.4 _bN 147 |
||
| 100 | _a Nag, N.K | ||
| 245 | 1 |
_aNumerical Methods and Algorithms / _c N.K.Nag [and] A.Sikdar |
|
| 260 |
_a Kolkata _b Kalyani publishers _c c2009 |
||
| 650 | _a Mathematics | ||
| 942 | _cBOOK | ||
| 999 |
_c1155 _d1155 |
||